[Event "King's Island op"]
[White "Berkovich, Dmitry"]
[Black "Wright, William"]
[Site "King's Island"]
[Round "1"]
[Result "1-0"]
[Date "2006.11.10"]
[WhiteElo "2444"]
[BlackElo "2200"]
[PlyCount "81"]
[EventDate "2006.11.10"]
[EventType "swiss"]
[EventRounds "5"]
[EventCountry "USA"]
[SourceTitle "CBM 115 Extra"]
[Source "ChessBase"]
[SourceDate "2007.01.10"]
[SourceVersion "1"]
[SourceVersionDate "2007.01.10"]
[SourceQuality "1"]

1. d4 d5 2. Nf3 c6 3. Bf4 Bf5 4. Nbd2 Nf6 5. h3 e6 6. g4 Bg6 7. Bg2 Ne4 8. Ne5 Nxd2 9. Qxd2 Nd7 10. Nxg6 hxg6 11. e4 dxe4 12. 0-0-0 Nf6 13. c4 Be7 14. g5 Nh5 15. Be3 Qc7 16. Bxe4 Bd6 17. Kb1 0-0 18. Rhg1 Bf4 19. Qe2 Bxe3 20. fxe3 Rac8 21. Qf3 b6 22. Rd2 c5 23. d5 Qd6 24. Rf2 Rce8 25. Qg4 Qe5 26. dxe6 Rxe6 27. Bd5 Re7 28. Rf3 Kh7 29. a3 b5 30. h4 b4 31. axb4 cxb4 32. Qd4 f5 33. Qxe5 Rxe5 34. Kc2 Rfe8 35. Kd3 R8e7 36. Kd4 Re4+ 37. Bxe4 Rxe4+ 38. Kd5 Rxh4 39. c5 f4 40. c6 Rh2 41. Rc1 1-0

[Event "King's Island op 10th"]
[White "Berkovich, Dmitry"]
[Black "Anderson, Renard"]
[Site "King's Island"]
[Round "5"]
[Result "1/2-1/2"]
[Date "2001.11.11"]
[WhiteElo "2404"]
[BlackElo "2268"]
[PlyCount "72"]
[EventDate "2001.11.09"]
[EventType "swiss"]
[EventRounds "5"]
[EventCountry "USA"]
[SourceTitle "EXT 2002"]
[Source "ChessBase"]
[SourceDate "2001.11.25"]
[SourceVersion "1"]
[SourceVersionDate "2001.11.25"]
[SourceQuality "1"]

1. d4 Nf6 2. c4 c5 3. d5 b5 4. cxb5 a6 5. f3 g6 6. e4 Bg7 7. e5 Ng8 8. f4 Nh6 9. Nf3 0-0 10. Nc3 d6 11. bxa6 Nd7 12. Be2 Nf5 13. g4 Nd4 14. Nxd4 cxd4 15. Qxd4 dxe5 16. Qf2 exf4 17. Bxf4 Qa5 18. 0-0 Bxa6 19. Bxa6 Qxa6 20. Rfe1 e5 21. dxe6 fxe6 22. Rad1 e5 23. Rxd7 Rxf4 24. Qg2 Raf8 25. Rd2 e4 26. h3 Qa7+ 27. Kh1 e3 28. Rde2 Rf3 29. Ne4 Qxa2 30. Rxe3 Rxe3 31. Rxe3 Qa1+ 32. Kh2 Bxb2 33. h4 Bd4 34. Rd3 Qa7 35. Kh3 Be5 36. Ng5 Qa8 1/2-1/2

[Event "New York MCC"]
[White "Berkovich, Dmitry"]
[Black "Ashley, Maurice"]
[Site "New York"]
[Round "7"]
[Result "0-1"]
[Date "1994.??.??"]
[WhiteElo "2415"]
[BlackElo "2460"]
[PlyCount "38"]
[EventDate "1994.02.??"]
[EventType "tourn"]
[EventRounds "11"]
[EventCountry "USA"]
[EventCategory "9"]
[SourceTitle "CBM 043"]
[Source "ChessBase"]
[SourceDate "1994.12.01"]
[SourceVersion "1"]
[SourceVersionDate "1994.12.01"]
[SourceQuality "1"]

1. d4 Nf6 2. c4 e6 3. Nc3 Bb4 4. Qc2 0-0 5. Nf3 c5 6. a3 Bxc3+ 7. Qxc3 cxd4 8. Qxd4 Nc6 9. Qh4 d5 10. b4 dxc4 11. Qxc4 e5 12. Bb2 Be6 13. Qh4 Qd5 14. Qg5 Qb3 15. Rb1 Rfd8 16. g3 Nxb4 17. axb4 Ne4 18. Nd2 Nxd2 19. Qxe5 f6 0-1

[Event "New York MCC"]
[White "Berkovich, Dmitry"]
[Black "Gurevich, Ilya"]
[Site "New York"]
[Round "3"]
[Result "1/2-1/2"]
[Date "1994.??.??"]
[WhiteElo "2415"]
[BlackElo "2585"]
[PlyCount "94"]
[EventDate "1994.02.??"]
[EventType "tourn"]
[EventRounds "11"]
[EventCountry "USA"]
[EventCategory "9"]
[SourceTitle "CBM 043"]
[Source "ChessBase"]
[SourceDate "1994.12.01"]
[SourceVersion "1"]
[SourceVersionDate "1994.12.01"]
[SourceQuality "1"]

1. d4 Nf6 2. c4 g6 3. Nc3 d5 4. Nf3 Bg7 5. e3 0-0 6. Bd2 e6 7. Rc1 b6 8. Bd3 Bb7 9. 0-0 Ne4 10. Be1 Nd7 11. Qc2 Nxc3 12. Bxc3 dxc4 13. Bxc4 Bxf3 14. gxf3 c5 15. dxc5 Bxc3 16. Qxc3 Qg5+ 17. Kh1 Qh5 18. Be2 Nxc5 19. b4 Nd7 20. Qd4 Ne5 21. Qe4 Rac8 22. a4 Rfd8 23. Rxc8 Rxc8 24. a5 Rd8 25. Rd1 Rxd1+ 26. Bxd1 Qf5 27. Be2 Qxe4 28. fxe4 bxa5 29. bxa5 Kf8 30. f4 Nc6 31. a6 Ke7 32. e5 Kd7 33. Kg2 Kc7 34. Kg3 Kb6 35. Kg4 h6 36. h4 Ne7 37. h5 Kc5 38. Bd3 Kb4 39. hxg6 fxg6 40. Be4 Kc3 41. Bb1 Nf5 42. Bxf5 gxf5+ 43. Kh5 Kd3 44. Kxh6 Kxe3 45. Kg5 Ke4 46. Kf6 Kxf4 47. Kxe6 Kg5 1/2-1/2

[Event "New York MCC"]
[White "Klovsky, Rafail"]
[Black "Berkovich, Dmitry"]
[Site "New York"]
[Round "1"]
[Result "1/2-1/2"]
[Date "1994.??.??"]
[WhiteElo "2375"]
[BlackElo "2415"]
[PlyCount "41"]
[EventDate "1994.02.??"]
[EventType "tourn"]
[EventRounds "11"]
[EventCountry "USA"]
[EventCategory "9"]
[SourceTitle "CBM 043"]
[Source "ChessBase"]
[SourceDate "1994.12.01"]
[SourceVersion "1"]
[SourceVersionDate "1994.12.01"]
[SourceQuality "1"]

1. d4 d5 2. c4 e6 3. Nc3 c6 4. e4 dxe4 5. Nxe4 Bb4+ 6. Bd2 Qxd4 7. Bxb4 Qxe4+ 8. Ne2 Na6 9. Bf8 Ne7 10. Bxg7 Rg8 11. Qd4 Qxd4 12. Bxd4 c5 13. Bc3 Nb4 14. Bxb4 cxb4 15. Nd4 Nc6 16. Nxc6 bxc6 17. g3 Bb7 18. Bg2 0-0-0 19. Rd1 Rxd1+ 20. Kxd1 c5 21. Bxb7+ 1/2-1/2

[Event "New York MCC"]
[White "Leveille, Francois"]
[Black "Berkovich, Dmitry"]
[Site "New York"]
[Round "4"]
[Result "0-1"]
[Date "1994.??.??"]
[WhiteElo "2370"]
[BlackElo "2415"]
[PlyCount "86"]
[EventDate "1994.02.??"]
[EventType "tourn"]
[EventRounds "11"]
[EventCountry "USA"]
[EventCategory "9"]
[SourceTitle "CBM 043"]
[Source "ChessBase"]
[SourceDate "1994.12.01"]
[SourceVersion "1"]
[SourceVersionDate "1994.12.01"]
[SourceQuality "1"]

1. e4 c5 2. Nf3 d6 3. d4 cxd4 4. Nxd4 Nf6 5. Nc3 a6 6. Bg5 e6 7. Qe2 Qc7 8. f4 Nc6 9. Nf3 Be7 10. 0-0-0 h6 11. Bh4 b5 12. e5 dxe5 13. fxe5 Nd7 14. Bg3 Nc5 15. Qe3 Bb7 16. Rd6 Na4 17. Nxa4 bxa4 18. a3 Na5 19. Kb1 0-0 20. Qd4 Bc6 21. Bd3 Rab8 22. Be1 Rfc8 23. Bc3 Bxf3 24. Bxa5 Qxa5 25. gxf3 Bxd6 26. exd6 Qb6 27. Qxb6 Rxb6 28. Re1 Rcb8 29. Re4 Rxb2+ 30. Kc1 R2b6 31. d7 Rd8 32. Rxa4 Rxd7 33. Rc4 g5 34. h4 Kg7 35. hxg5 hxg5 36. Rc8 Rxd3 37. cxd3 Rb3 38. Kd2 Rxa3 39. Ke3 a5 40. Ra8 Kg6 41. Ke4 Ra1 42. Ke5 Re1+ 43. Kd4 Kf5 0-1

[Event "New York MCC"]
[White "Sokolin, Leonid M"]
[Black "Berkovich, Dmitry"]
[Site "New York"]
[Round "8"]
[Result "1-0"]
[Date "1994.??.??"]
[WhiteElo "2450"]
[BlackElo "2415"]
[PlyCount "83"]
[EventDate "1994.02.??"]
[EventType "tourn"]
[EventRounds "11"]
[EventCountry "USA"]
[EventCategory "9"]
[SourceTitle "CBM 043"]
[Source "ChessBase"]
[SourceDate "1994.12.01"]
[SourceVersion "1"]
[SourceVersionDate "1994.12.01"]
[SourceQuality "1"]

1. d4 f5 2. Nc3 d5 3. Bf4 c6 4. Nf3 Nf6 5. e3 e6 6. Bd3 Be7 7. h3 0-0 8. 0-0 Bd7 9. Ne2 Be8 10. c4 Ne4 11. Ne5 Nd7 12. f3 Nd6 13. c5 Nf7 14. Nxf7 Rxf7 15. b4 g5 16. Bh2 Rg7 17. a4 Bf8 18. b5 Qf6 19. bxc6 bxc6 20. Ba6 e5 21. dxe5 Nxe5 22. Qd4 Re7 23. f4 gxf4 24. Bxf4 Bg7 25. Rab1 Bh5 26. Ng3 Bg6 27. a5 Rae8 28. Qa4 Nd7 29. Rfc1 Rxe3 30. Bxe3 Rxe3 31. Nf1 Re4 32. Qd1 Qg5 33. Bd3 Rd4 34. Qe2 Be5 35. Re1 Bh5 36. Qc2 Rh4 37. Bxf5 Rc4 38. Bxh7+ Kh8 39. Qf5 Bd4+ 40. Kh1 Qxf5 41. Bxf5 Nxc5 42. Re7 1-0

[Event "New York Enhance"]
[White "Berkovich, Dmitry"]
[Black "Fedorowicz, John P"]
[Site "New York"]
[Round "8"]
[Result "1/2-1/2"]
[Date "1993.??.??"]
[WhiteElo "2400"]
[BlackElo "2545"]
[PlyCount "79"]
[EventDate "1993.??.??"]
[EventType "schev"]
[EventRounds "9"]
[EventCountry "USA"]
[SourceTitle "EXT 1997"]
[Source "ChessBase"]
[SourceDate "1996.11.15"]
[SourceVersion "1"]
[SourceVersionDate "1996.11.15"]
[SourceQuality "1"]

1. c4 Nf6 2. Nc3 g6 3. e4 d6 4. d4 Bg7 5. Nge2 c5 6. d5 b5 7. cxb5 a6 8. Ng3 h5 9. bxa6 0-0 10. Be2 Qa5 11. 0-0 h4 12. Nh1 h3 13. g4 Bxa6 14. Ng3 Bxe2 15. Qxe2 Qa6 16. Qd1 Nfd7 17. f4 Qc4 18. Rf3 Na6 19. Bd2 Nb4 20. b3 Qa6 21. Nf1 Bd4+ 22. Kh1 Nf6 23. Ne3 Nd3 24. Qf1 Bxc3 25. Bxc3 Nxe4 26. Nc4 Nxf4 27. Rxf4 Nxc3 28. Qd3 Nxa2 29. Qxh3 Qb7 30. Rd1 Nb4 31. Ne3 e5 32. Rf6 Ra3 33. Qh6 Qe7 34. Qg5 Qb7 35. Nf5 Nxd5 36. Nxd6 Qxb3 37. Rxg6+ fxg6 38. Qxg6+ Kh8 39. Qh6+ Kg8 40. Qg6+ 1/2-1/2

[Event "Ufa"]
[White "Berkovich, Dmitry"]
[Black "Kozirev, Alexander"]
[Site "Ufa"]
[Round "?"]
[Result "1/2-1/2"]
[Date "1993.??.??"]
[WhiteElo "2465"]
[BlackElo "2335"]
[PlyCount "31"]
[EventDate "1993.??.??"]
[EventType "tourn"]
[EventRounds "11"]
[EventCountry "RUS"]
[EventCategory "7"]
[SourceTitle "CBM 037 Extra"]
[Source "ChessBase"]
[SourceDate "1994.01.01"]
[SourceVersion "1"]
[SourceVersionDate "1994.01.01"]
[SourceQuality "1"]

1. d4 d5 2. c4 e6 3. Nc3 c6 4. Nf3 Nf6 5. Bg5 h6 6. Bxf6 Qxf6 7. Qd3 Nd7 8. g3 Bd6 9. Bg2 0-0 10. e4 dxc4 11. Qxc4 e5 12. d5 Nb6 13. Qe2 Bg4 14. h3 Bxf3 15. Bxf3 cxd5 16. exd5 1/2-1/2

[Event "Alushta op"]
[White "Berkovich, Dmitry"]
[Black "Yandemirov, Valeri"]
[Site "Alushta"]
[Round "?"]
[Result "1/2-1/2"]
[Date "1993.??.??"]
[WhiteElo "2465"]
[BlackElo "2465"]
[PlyCount "123"]
[EventDate "1993.05.??"]
[EventType "swiss"]
[EventRounds "9"]
[EventCountry "UKR"]
[SourceTitle "TD"]
[Source "ChessBase"]
[SourceDate "1994.03.01"]
[SourceVersion "1"]
[SourceVersionDate "1994.03.01"]
[SourceQuality "1"]

1. d4 Nf6 2. c4 g6 3. Nf3 Bg7 4. Bg5 Ne4 5. Bf4 c5 6. Qc2 Qa5+ 7. Nbd2 Nxd2 8. Bxd2 Qb6 9. e3 d6 10. Bc3 cxd4 11. Nxd4 0-0 12. Be2 Nc6 13. Rd1 Nxd4 14. exd4 e5 15. d5 Bf5 16. Qd2 a5 17. 0-0 h5 18. b3 Kh7 19. Qb2 Bh6 20. a3 Qc7 21. Bd2 Bg7 22. Be3 Bd7 23. b4 axb4 24. axb4 b6 25. Ra1 f5 26. Rxa8 Rxa8 27. Ra1 Ra7 28. Ra3 Rxa3 29. Qxa3 Bh6 30. h4 Bxe3 31. Qxe3 f4 32. Qa3 Bf5 33. g3 fxg3 34. fxg3 Bg4 35. Bf1 Qf7 36. Bg2 Qc7 37. Qa8 Qxc4 38. Qb7+ Kh6 39. Qxb6 Qc1+ 40. Kh2 Qb2 41. Qd8 e4 42. Qg5+ Kg7 43. Qe7+ Kg8 44. Qxe4 Kf7 45. Qf4+ Ke7 46. Qe3+ Kd7 47. Qa7+ Ke8 48. Qb6 Kd7 49. Qc6+ Ke7 50. Qc7+ Bd7 51. Qc4 Bg4 52. Qf4 Kd7 53. Qe4 Kd8 54. Kg1 Qa1+ 55. Bf1 Bh3 56. Qf4 Ke7 57. b5 Bxf1 58. Qxf1 Qd4+ 59. Qf2 Qxd5 60. Qb2 Kd8 61. Kh2 Kc7 62. Qg7+ 1/2-1/2

[Event "Ufa"]
[White "Bezgodov, Alexei"]
[Black "Berkovich, Dmitry"]
[Site "Ufa"]
[Round "?"]
[Result "1-0"]
[Date "1993.??.??"]
[WhiteElo "2345"]
[BlackElo "2465"]
[PlyCount "99"]
[EventDate "1993.??.??"]
[EventType "tourn"]
[EventRounds "11"]
[EventCountry "RUS"]
[EventCategory "7"]
[SourceTitle "CBM 037 Extra"]
[Source "ChessBase"]
[SourceDate "1994.01.01"]
[SourceVersion "1"]
[SourceVersionDate "1994.01.01"]
[SourceQuality "1"]

1. e4 c5 2. Nc3 Nc6 3. Nge2 g6 4. d4 cxd4 5. Nxd4 Bg7 6. Be3 Nf6 7. Bc4 0-0 8. Bb3 Ng4 9. Qxg4 Nxd4 10. Qd1 Ne6 11. Qd2 d6 12. Bh6 Re8 13. Bxg7 Nxg7 14. 0-0 Be6 15. f4 Qa5 16. Rae1 Rac8 17. Re3 Rc5 18. Qf2 Qc7 19. Rg3 Bxb3 20. axb3 e6 21. Rd3 a6 22. Rfd1 Rc6 23. Qd2 b5 24. Rxd6 b4 25. Rxc6 Qxc6 26. Na4 Qxe4 27. Nc5 Qc6 28. Qxb4 Nf5 29. Rd2 e5 30. fxe5 Rxe5 31. Nxa6 Re1+ 32. Kf2 Re8 33. Nc5 Qc7 34. Nd7 Rd8 35. Nf6+ Kg7 36. Rxd8 Qxd8 37. Ne4 Qh4+ 38. Kg1 Qf4 39. Qc3+ Kg8 40. Nd2 Nd4 41. Qd3 h5 42. c3 Ne6 43. b4 h4 44. Nf1 Qe5 45. Qe3 Qf6 46. b5 Nf4 47. b6 Qg5 48. g3 hxg3 49. hxg3 Nh3+ 50. Kg2 1-0

[Event "New York Enhance"]
[White "Dzindzichashvili, Roman"]
[Black "Berkovich, Dmitry"]
[Site "New York"]
[Round "2"]
[Result "1-0"]
[Date "1993.??.??"]
[WhiteElo "2535"]
[BlackElo "2400"]
[PlyCount "65"]
[EventDate "1993.??.??"]
[EventType "schev"]
[EventRounds "9"]
[EventCountry "USA"]
[SourceTitle "EXT 1997"]
[Source "ChessBase"]
[SourceDate "1996.11.15"]
[SourceVersion "1"]
[SourceVersionDate "1996.11.15"]
[SourceQuality "1"]

1. d4 f5 2. Nf3 g6 3. h4 Nf6 4. h5 Nxh5 5. Rxh5 gxh5 6. e4 Bg7 7. Nh4 0-0 8. Nxf5 e6 9. Nxg7 Qh4 10. Be3 Kxg7 11. Nc3 d6 12. Qd2 Kg8 13. 0-0-0 Nc6 14. g3 Qh2 15. Bh6 Rf7 16. Be2 Bd7 17. Bf3 h4 18. Rh1 hxg3 19. Rxh2 gxh2 20. Qg5+ Kh8 21. Qh5 Rf6 22. e5 Rf5 23. Qxh2 Rxf3 24. Bg7+ Kxg7 25. Qg2+ Kh8 26. Qxf3 d5 27. Nxd5 exd5 28. e6 Bxe6 29. Qf6+ Kg8 30. Qxe6+ Kg7 31. Qxd5 Re8 32. Qg5+ Kh8 33. f4 1-0

[Event "New York Enhance"]
[White "Friedman, Aviv"]
[Black "Berkovich, Dmitry"]
[Site "New York"]
[Round "4"]
[Result "1/2-1/2"]
[Date "1993.??.??"]
[WhiteElo "2300"]
[BlackElo "2400"]
[PlyCount "63"]
[EventDate "1993.??.??"]
[EventType "schev"]
[EventRounds "9"]
[EventCountry "USA"]
[SourceTitle "EXT 1997"]
[Source "ChessBase"]
[SourceDate "1996.11.15"]
[SourceVersion "1"]
[SourceVersionDate "1996.11.15"]
[SourceQuality "1"]

1. e4 c5 2. Nf3 d6 3. d4 cxd4 4. Nxd4 Nf6 5. f3 e5 6. Bb5+ Bd7 7. Bxd7+ Nbxd7 8. Nf5 Nb6 9. c4 Nxc4 10. Nc3 Nb6 11. Bg5 g6 12. Bxf6 Qxf6 13. Ne3 Qd8 14. Ned5 Bh6 15. 0-0 0-0 16. Kh1 Kg7 17. Qb3 Nxd5 18. Nxd5 Qd7 19. Rad1 Rac8 20. Rd3 f5 21. Nc3 Rc6 22. Rfd1 a6 23. Qb4 Rd8 24. a4 b6 25. Nd5 fxe4 26. Qxe4 b5 27. axb5 axb5 28. Nc3 Rc4 29. Qxe5+ dxe5 30. Rxd7+ Rxd7 31. Rxd7+ Kf8 32. g3 1/2-1/2

[Event "Ufa"]
[White "Ibragimov, Ildar"]
[Black "Berkovich, Dmitry"]
[Site "Ufa"]
[Round "?"]
[Result "0-1"]
[Date "1993.??.??"]
[WhiteElo "2540"]
[BlackElo "2465"]
[PlyCount "52"]
[EventDate "1993.??.??"]
[EventType "tourn"]
[EventRounds "11"]
[EventCountry "RUS"]
[EventCategory "7"]
[SourceTitle "CBM 037 Extra"]
[Source "ChessBase"]
[SourceDate "1994.01.01"]
[SourceVersion "1"]
[SourceVersionDate "1994.01.01"]
[SourceQuality "1"]

1. c4 d6 2. d4 f5 3. Nc3 Nf6 4. g3 g6 5. Bg2 Bg7 6. Nf3 0-0 7. 0-0 c6 8. d5 e5 9. dxe6 Bxe6 10. b3 Na6 11. Bf4 Nh5 12. Bd2 f4 13. Rc1 Qe7 14. Ne1 Nc5 15. Bf3 Be5 16. Ng2 Bh3 17. e3 fxg3 18. hxg3 Nf6 19. e4 Rf7 20. Be3 h5 21. Nh4 Kh7 22. Re1 Raf8 23. Bg2 Bxg2 24. Kxg2 Ng4 25. f3 Bxg3 26. fxg4 Qxh4 0-1

[Event "Ufa"]
[White "Voloshin, Leonid"]
[Black "Berkovich, Dmitry"]
[Site "Ufa"]
[Round "?"]
[Result "1/2-1/2"]
[Date "1993.??.??"]
[WhiteElo "2420"]
[BlackElo "2465"]
[PlyCount "54"]
[EventDate "1993.??.??"]
[EventType "tourn"]
[EventRounds "11"]
[EventCountry "RUS"]
[EventCategory "7"]
[SourceTitle "CBM 037 Extra"]
[Source "ChessBase"]
[SourceDate "1994.01.01"]
[SourceVersion "1"]
[SourceVersionDate "1994.01.01"]
[SourceQuality "1"]

1. e4 c5 2. Nf3 d6 3. d4 cxd4 4. Qxd4 a6 5. c4 Nc6 6. Qd2 Nf6 7. Nc3 Bg4 8. Be2 e6 9. b3 Qc7 10. Bb2 Be7 11. 0-0 Rd8 12. Rac1 Qb8 13. Nd4 Bxe2 14. Nxc6 bxc6 15. Qxe2 Nd7 16. Na4 0-0 17. c5 Qb5 18. Qe3 Nxc5 19. Nxc5 dxc5 20. Rc4 Qa5 21. Qc3 Qxc3 22. Bxc3 Rd3 23. g3 f5 24. exf5 Rxf5 25. Re1 h5 26. Kg2 Bf6 27. Bxf6 Rd2 1/2-1/2

[Event "Alushta"]
[White "Berkovich, Dmitry"]
[Black "Frolov, Artur"]
[Site "Alushta"]
[Round "7"]
[Result "0-1"]
[Date "1992.??.??"]
[WhiteElo "2445"]
[BlackElo "2510"]
[PlyCount "51"]
[EventDate "1992.??.??"]
[EventType "tourn"]
[EventRounds "10"]
[EventCountry "UKR"]
[EventCategory "8"]
[SourceTitle "EXT 1997"]
[Source "ChessBase"]
[SourceDate "1996.11.15"]
[SourceVersion "1"]
[SourceVersionDate "1996.11.15"]
[SourceQuality "1"]

1. d4 Nf6 2. c4 g6 3. Nc3 Bg7 4. e4 d6 5. f4 c5 6. d5 0-0 7. Nf3 e6 8. Be2 exd5 9. cxd5 b5 10. e5 Nfd7 11. Bxb5 dxe5 12. 0-0 Ba6 13. Bxa6 Nxa6 14. f5 c4 15. Ng5 Nac5 16. Qf3 e4 17. Qh3 h6 18. Ngxe4 Nxe4 19. Nxe4 Re8 20. Nc3 Qb6+ 21. Kh1 g5 22. Rb1 Bxc3 23. Qxc3 Nf6 24. Bd2 Re2 25. Be1 Rc8 26. Bf2 0-1

[Event "Podolsk"]
[White "Berkovich, Dmitry"]
[Black "Gufeld, Eduard"]
[Site "Podolsk"]
[Round "?"]
[Result "1-0"]
[Date "1992.??.??"]
[WhiteElo "2445"]
[BlackElo "2485"]
[PlyCount "49"]
[EventDate "1992.12.??"]
[EventType "tourn"]
[EventRounds "11"]
[EventCountry "RUS"]
[EventCategory "11"]
[SourceTitle "CBM 033"]
[Source "ChessBase"]
[SourceDate "1993.04.01"]
[SourceVersion "1"]
[SourceVersionDate "1993.04.01"]
[SourceQuality "1"]

1. d4 Nf6 2. c4 g6 3. Nc3 Bg7 4. e4 0-0 5. Nge2 c6 6. Ng3 d5 7. e5 Ne8 8. cxd5 cxd5 9. h4 Nc6 10. h5 Nc7 11. f4 e6 12. Be3 b6 13. Qg4 f5 14. Qh3 g5 15. h6 Bh8 16. fxg5 f4 17. g6 fxe3 18. g7 Rf2 19. Qg4 Qe7 20. Nh5 Ba6 21. 0-0-0 Bxf1 22. Rdxf1 Ne8 23. Rxf2 exf2 24. Rf1 Qf7 25. Rxf2 1-0

[Event "Orel"]
[White "Berkovich, Dmitry"]
[Black "Kholmov, Ratmir D"]
[Site "Orel"]
[Round "?"]
[Result "1/2-1/2"]
[Date "1992.??.??"]
[WhiteElo "2445"]
[BlackElo "2485"]
[PlyCount "110"]
[EventDate "1992.??.??"]
[EventType "tourn"]
[EventRounds "11"]
[EventCountry "RUS"]
[EventCategory "8"]
[SourceTitle "EXT 1997"]
[Source "ChessBase"]
[SourceDate "1996.11.15"]
[SourceVersion "1"]
[SourceVersionDate "1996.11.15"]
[SourceQuality "1"]

1. d4 Nf6 2. c4 e6 3. Nc3 Bb4 4. Qc2 d5 5. a3 Bxc3+ 6. Qxc3 Ne4 7. Qc2 0-0 8. e3 b6 9. Bd3 Bb7 10. Ne2 Nd7 11. cxd5 exd5 12. f3 Nef6 13. g4 g6 14. Ng3 c5 15. h4 cxd4 16. exd4 Re8+ 17. Kf1 Qc8 18. Qxc8 Rexc8 19. Bf4 a5 20. Rh2 Ba6 21. Bxa6 Rxa6 22. Rc1 Rc4 23. g5 Rxc1+ 24. Bxc1 Ne8 25. Rc2 f6 26. Rc6 Ra7 27. Bf4 Kf7 28. Ne2 Ng7 29. gxf6 Nf5 30. Be5 Nxh4 31. f4 b5 32. Nc3 b4 33. Nb5 bxa3 34. bxa3 Ra8 35. Rd6 Nf8 36. Rxd5 Nf5 37. Kf2 h5 38. Rc5 Ne6 39. Rc1 Rd8 40. Rd1 Nc5 41. Nc3 Ne6 42. d5 Nc5 43. Rb1 g5 44. fxg5 Kg6 45. Rb8 Rxb8 46. Bxb8 Kxg5 47. f7 Nd7 48. Bc7 Kf6 49. Bxa5 Kxf7 50. Kf3 h4 51. a4 Ne7 52. d6 Nc6 53. Bb6 Ke6 54. Nb5 Nf6 55. a5 Ne8 1/2-1/2

[Event "Podolsk"]
[White "Berkovich, Dmitry"]
[Black "Kiselev, Sergey"]
[Site "Podolsk"]
[Round "?"]
[Result "0-1"]
[Date "1992.??.??"]
[WhiteElo "2445"]
[BlackElo "2530"]
[PlyCount "80"]
[EventDate "1992.12.??"]
[EventType "tourn"]
[EventRounds "11"]
[EventCountry "RUS"]
[EventCategory "11"]
[SourceTitle "CBM 033"]
[Source "ChessBase"]
[SourceDate "1993.04.01"]
[SourceVersion "1"]
[SourceVersionDate "1993.04.01"]
[SourceQuality "1"]

1. d4 Nf6 2. c4 e6 3. Nc3 Bb4 4. Qc2 0-0 5. Nf3 c5 6. dxc5 Na6 7. a3 Bxc3+ 8. Qxc3 Nxc5 9. g3 b6 10. Bg2 Bb7 11. 0-0 Rc8 12. Nd2 Bxg2 13. Kxg2 d5 14. f3 d4 15. Qc2 d3 16. exd3 Qxd3 17. Qxd3 Nxd3 18. b3 Rfd8 19. Ra2 Rd7 20. Kh3 h6 21. Rc2 b5 22. Nb1 a5 23. Nc3 bxc4 24. Na4 Rdc7 25. Rd1 Nd5 26. bxc4 Rxc4 27. Rxc4 Rxc4 28. Rxd3 Rxc1 29. Rb3 g5 30. Kg2 Rc2+ 31. Kg1 Kg7 32. Nb2 Rc1+ 33. Kg2 Rb1 34. a4 Nb4 35. h3 h5 36. g4 h4 37. f4 gxf4 38. Kf3 Kg6 39. Ke4 f6 40. Kd4 f3 0-1

[Event "Kobanya op"]
[White "Berkovich, Dmitry"]
[Black "Kozlov, Oleg"]
[Site "Kobanya"]
[Round "4"]
[Result "1-0"]
[Date "1992.??.??"]
[WhiteElo "2455"]
[BlackElo "2365"]
[PlyCount "77"]
[EventDate "1992.??.??"]
[EventType "swiss"]
[EventRounds "11"]
[EventCountry "HUN"]
[SourceTitle "TD"]
[Source "ChessBase"]
[SourceDate "1994.03.01"]
[SourceVersion "1"]
[SourceVersionDate "1994.03.01"]
[SourceQuality "1"]

1. d4 d5 2. c4 e6 3. Nc3 Nf6 4. cxd5 exd5 5. Bg5 c6 6. e3 Nbd7 7. Bd3 Bd6 8. Qc2 h6 9. Bh4 0-0 10. Nge2 Re8 11. h3 Qa5 12. 0-0 Nh5 13. e4 dxe4 14. Nxe4 Be7 15. Bxe7 Rxe7 16. Rfe1 Ndf6 17. N2c3 Nxe4 18. Nxe4 Be6 19. Nc5 Rae8 20. Re5 Bc8 21. Rxh5 b6 22. b4 Qxb4 23. Nb3 Re1+ 24. Rxe1 Rxe1+ 25. Kh2 Qd6+ 26. g3 Bb7 27. Be4 f6 28. Bg2 Qe6 29. Nc1 Qe8 30. Rh4 Kh8 31. Re4 Rxe4 32. Qxe4 Qf7 33. Nd3 Qxa2 34. Qe8+ Qg8 35. Qd7 Qc8 36. Qf7 Ba6 37. Nf4 Qg8 38. Qxa7 Bc8 39. Qxb6 1-0

[Event "Alushta"]
[White "Berkovich, Dmitry"]
[Black "Lokasto, Anatol"]
[Site "Alushta"]
[Round "5"]
[Result "1/2-1/2"]
[Date "1992.??.??"]
[WhiteElo "2445"]
[BlackElo "2330"]
[PlyCount "122"]
[EventDate "1992.??.??"]
[EventType "tourn"]
[EventRounds "10"]
[EventCountry "UKR"]
[EventCategory "8"]
[SourceTitle "EXT 1997"]
[Source "ChessBase"]
[SourceDate "1996.11.15"]
[SourceVersion "1"]
[SourceVersionDate "1996.11.15"]
[SourceQuality "1"]

1. d4 Nf6 2. c4 d6 3. Nc3 Nbd7 4. Bg5 g6 5. e4 Bg7 6. Nge2 h6 7. Be3 Ng4 8. Bd2 e5 9. d5 h5 10. f3 Nh6 11. Qc2 a5 12. 0-0-0 Nb6 13. Kb1 0-0 14. Nc1 f5 15. Bd3 f4 16. b3 c6 17. dxc6 bxc6 18. c5 dxc5 19. Na4 Nxa4 20. Qc4+ Kh7 21. Qxa4 Qc7 22. Bc3 Nf7 23. Qa3 Nd8 24. Bc4 Nb7 25. Nd3 Qe7 26. Rd2 Rd8 27. Rhd1 Re8 28. Nb2 Qc7 29. Na4 Bf8 30. Qb2 Bg7 31. Rd3 Bf8 32. g3 fxg3 33. hxg3 Bg7 34. Qf2 Bf8 35. g4 Bh6 36. gxh5 g5 37. Qg1 Re7 38. Nxc5 Qb6 39. Nxb7 Qxg1 40. Rxg1 Bxb7 41. Rgd1 Bc8 42. Rd6 g4 43. Rxc6 gxf3 44. Rg6 Bb7 45. Bd5 Bxd5 46. Rxd5 Rc8 47. Kb2 f2 48. Rd1 Rf7 49. Rf1 Bc1+ 50. Kxc1 Rxc3+ 51. Kd2 Rfc7 52. Rxf2 Rc2+ 53. Ke1 Rxf2 54. Kxf2 Rc2+ 55. Kf3 Rxa2 56. Kg4 Rf2 57. Ra6 Rf4+ 58. Kg5 Rxe4 59. Rxa5 Rb4 60. Ra7+ Kg8 61. Ra8+ Kh7 1/2-1/2

[Event "Podolsk"]
[White "Berkovich, Dmitry"]
[Black "Makarov, Marat"]
[Site "Podolsk"]
[Round "?"]
[Result "1/2-1/2"]
[Date "1992.??.??"]
[WhiteElo "2445"]
[BlackElo "2510"]
[PlyCount "66"]
[EventDate "1992.12.??"]
[EventType "tourn"]
[EventRounds "11"]
[EventCountry "RUS"]
[EventCategory "11"]
[SourceTitle "CBM 033"]
[Source "ChessBase"]
[SourceDate "1993.04.01"]
[SourceVersion "1"]
[SourceVersionDate "1993.04.01"]
[SourceQuality "1"]

1. Nf3 c5 2. b3 d5 3. Bb2 f6 4. d4 cxd4 5. Qxd4 Nc6 6. Qd2 e5 7. e3 Be6 8. Be2 Bc5 9. 0-0 Nge7 10. Rd1 Qc7 11. Ba3 Qb6 12. c3 0-0 13. Qb2 Rad8 14. Bxc5 Qxc5 15. Nbd2 Ng6 16. Rac1 Qe7 17. b4 Rc8 18. a3 Rfd8 19. Nb3 b6 20. h3 Rc7 21. Nbd2 Nb8 22. Bf1 Rdc8 23. e4 Rd8 24. exd5 Bxd5 25. c4 Ba8 26. Qb3 Kh8 27. Nb1 Rcd7 28. Rxd7 Qxd7 29. c5 bxc5 30. Rxc5 Nf4 31. Qe3 Nc6 32. Nc3 Ne7 33. Ra5 Nc6 1/2-1/2